000 00532nam a2200193Ia 4500
005 20250508161540.0
008 008 250505s9999 xx 000 0 eng d
037 _aTextual
040 _aFEDL
_beng
_cFEDL
041 _aeng
_2eng
084 _a301.35, GAN
_qFEDL
100 _aGandhi M.K.
_9218581
245 0 _aRebuilding our villages
260 _aAhmedabad, India
_bNavjivan Prakashan Mandir
_c1952
300 _avi,125p.
650 _aSociology
942 _cTEXL
_h301.35, GAN
999 _c1370714
_d1370714